| 000 | 00518nam a2200133Ia 4500 | ||
|---|---|---|---|
| 008 | 171207s9999 xx 000 0 und d | ||
| 100 | _aManley, Kim | ||
| 245 | _aFacilitation skills: the catalyst for increased effectiveness in consultant practice and clinical systems leadership | ||
| 245 | _cKim Manley & Angie Titchen | ||
| 260 | _c2017 | ||
| 300 | _apages 256-279, 2017 | ||
| 440 |
_aEducational Action Research _v25:2 |
||
| 650 | _aConsultant practitioners, facilitation, effectiveness, practitioner-researcher | ||
| 999 |
_c347462 _d347462 |
||